1616 1900 1953 1795 1589 1685 1600 1067 1769 1332 1469 1525 1060 1506 1811 1682 1359 1011 1826 1789 1379 1541 1553 1568 1936 1291 1042 1919 1074 1594 1031 1311 1857 1702 1129 1096 1965 1488 1245 1840 1957 1586 1947 1101 1930 1906 1971 1350 1541 1509 1542 1179 1243 1023 1724 1669 1994 1680 1760 1961 1475 1650 1083 1272 1052 1294 1387 1100 1141 1118 1987 1545 1043 1920 1004 1492 1747 1926 1142 1455 1981 1789 1223 1998 1012 1229 1905 1980 1999 1751 1780 1484 1385 1357 1608 1721 1562 1956 1397 BCNSPRNW ULIB Ver.6.0+V

เปลี่ยนเป็นภาษาไทย

Change to English
 แสดงรายละเอียดบรรณานุกรม
  กลับหน้าหลัก

Brief Record : Get Marc (ISO 2709) : E-mail record : QR code < ปิดหน้าต่าง
LEADER : 00000nam 2200000uu 4500
001    13399110422
003     ULIB
008    110527s2550||||th 000 0 tha d
020    9789744140050
050  4 LB2831.8^bธ662ก 2550
100 0  ธีระ รุญเจริญ
245 10 การบริหารโรงเรียนยุคปฏิรูปการศึกษา /^cธีระ รุญเจริญ
250    พิมพ์ครั้งที่ 1
260    กรุงเทพฯ :^bเอ็กซเปอร์เน็ท,^c2550
300    225 หน้า :^bภาพประกอบ, แผนภูมิ ;^c26 ซม.
650  7 การบริหาร
650  7 การศึกษา^xการบริหาร
650  7 ผู้บริหารโรงเรียน
650  7 โรงเรียน^xการบริหาร
945    ^p230^l0^i18172
995    เกษร
999    ^aใช้งานได้ทุกระบบ
รายการนี้ยังไม่มีแท็ก
คุณยังไม่ได้ล็อกอิน คุณสามารถมีกิจกรรมร่วมกับเว็บไซต์ได้ แต่ต้องล็อกอินก่อน ::
  ล็อกอิน

รายการสื่อสารสนเทศ

ลำดับที่ ประเภท เลขเรียก/บาร์โค้ด สถานที่ สถานะ
1. วิทยาศาสตร์การแพทย์ และสุขภาพ
วิทยาศาสตร์การแพทย์ และสุขภาพ
LB2831.8 ธ662ก 2550  
  Barcode: 18172
ห้องสมุดวิทยาเขตสวรรค์ประชารักษ์
►นวนิยาย
บนชั้น
  ขอยืม

รายการใกล้เคียง
    ผู้แต่ง [ธีระ รุญเจริญ]

    หัวเรื่อง [การบริหาร]
    หัวเรื่อง [ผู้บริหารโรงเรียน]

BibComment


ยังไม่เคยถูกคอมเมนท์

คอมเมนท์ทรัพยากรรายการนี้
  คอมเมนท์: การบริหารโรงเรียน..


 Copyright 2026. Bcnsprnw @Library